Normal view MARC view
  • Levi, Werner,

Entry Personal Name

Number of records used in: 1

001 - CONTROL NUMBER

  • control field: 3206

003 - CONTROL NUMBER IDENTIFIER

  • control field: OSt

005 - DATE AND TIME OF LATEST TRANSACTION

  • control field: 20170511095333.0

008 - FIXED-LENGTH DATA ELEMENTS

  • fixed length control field: 170511|| aca||aabn | a|a d

040 ## - CATALOGING SOURCE

  • Original cataloging agency: OSt
  • Transcribing agency: OSt

100 ## - HEADING--PERSONAL NAME

  • Personal name: Levi, Werner,
  • Dates associated with a name: 1912-2005

670 ## - SOURCE DATA FOUND

  • Source citation: Work cat.: (OSt): Levi, Werner, 1912-2005, The coming end of war /, c1981
Pusat Sumber Maklumat Dato' Haji Sarmin Md Hussin, Akademi Kastam Diraja Malaysia, Melaka
Tel: 06-2331106 | Faks: 06-2313787